Choices, Values, and Frames
Gespeichert in:
| Weitere Verfasser: | , |
|---|---|
| Format: | Buch |
| Sprache: | Englisch |
| Veröffentlicht: |
New York
Cambridge University Press/Russel Sage Foundation
2000
|
| Schlagworte: | |
| Tags: |
Keine Tags, Fügen Sie das erste Tag hinzu!
|
MARC
| LEADER | 00000nam a2200000 4500 | ||
|---|---|---|---|
| 001 | 0257122 | ||
| 005 | 20240229083705.6 | ||
| 020 | |a 0-521-62749-4 | ||
| 020 | |a 0-521-62172-0 | ||
| 041 | 0 | |a eng | |
| 044 | |a US | ||
| 245 | 1 | 0 | |a Choices, Values, and Frames |c edited by: Daniel Kahneman, Amos Tversky |
| 264 | 1 | |a New York |b Cambridge University Press/Russel Sage Foundation |c 2000 | |
| 300 | |a 840 s. | ||
| 610 | 2 | 0 | |a teória rozhodovania |
| 610 | 2 | 0 | |a rozhodovanie |
| 610 | 2 | 0 | |a rozhodovanie za rizika |
| 610 | 2 | 0 | |a spotrebitelia |
| 610 | 2 | 0 | |a psychológia |
| 610 | 2 | 0 | |a modelovanie ekonometrické |
| 700 | 1 | |a Kahneman, Daniel | |
| 700 | 1 | |a Tversky, Amos | |